Gaming Quiz

Random Gaming or Actress Quiz

Famous Actors in Video Games Quiz Stats

Quiz Updated Jan 31, 2014

Challenge
Share
Tweet
Embed
Score 0/21 Timer 05:00
4 Plays Today
Character (Game) Actor/Actress % Correct
James Solomon (Command and Conquer: Tiberian Sun)James Earl Jones
75.5%
Eddie Riggs (Brütal Legend)Jack Black
74.6%
Col Blair (Wing Commander IV)Mark Hamill
74.2%
Sergeant Roebuck (Call of Duty: World at War)Kiefer Sutherland
73%
Officer Tenpenny (Grand Theft Auto: San Andreas)Samuel L. Jackson
70.8%
The announcer (Outlaw Sports)Steve Carell
64.7%
James (Fallout 3)Liam Neeson
62.6%
Emperor Uriel Septim (The Elder Scrolls IV:Oblivion)Patrick Stewart
57.4%
The Illusive Man (Mass Effect 2)Martin Sheen
51.5%
Sergeant Viktor Reznov (Call of Duty: World at War)Gary Oldman
48.2%
Dick Marcinko (Rogue Warrior)Mickey Rourke
44.7%
Character (Game) Actor/Actress % Correct
Comedian (Grand Theft Auto IV)Ricky Gervais
42.5%
Tommy Vercetti (Grand Theft Auto: Vice City)Ray Liotta
41.3%
Antonia Bayle (Everquest 2)Heather Graham
40.9%
Emperor Yoshiro (Command and Conquer: Red Alert 3)George Takei
40.9%
Lucy Stillman (Assassin's Creed: Brotherhood)Kristen Bell
37.7%
King Bohan (Heavenly Sword)Andy Serkis
36.3%
Sgt. Buck (Halo 3: ODST)Nathan Fillion
28.9%
Avery Carrington (Grand Theft Auto: Vice City)Burt Reynolds
27%
Shaundi (Saints Row 2)Eliza Dushku
16.9%
Inspector Tequila (Stranglehold)Chow Yun-Fat
15.3%

You're not logged in!

Compare scores with friends on all Sporcle quizzes.
Sign Up with Email
OR
Log In

You Might Also Like...

Show Comments

Extras

Top Quizzes Today


Score Distribution

Your Account Isn't Verified!

In order to create a playlist on Sporcle, you need to verify the email address you used during registration. Go to your Sporcle Settings to finish the process.